[Event "Basel op 24th"]
[Site "Basel"]
[Date "2022.03.04"]
[Round "1"]
[White "Thommen, Tobias"]
[Black "Weber, Samuel"]
[Result "0-1"]
[WhiteElo "1590"]
[BlackElo "2250"]
[PlyCount "44"]
[EventDate "2022.03.04"]
[EventType "swiss"]
[EventRounds "5"]
[EventCountry "SUI"]
[SourceTitle "EXT 2024"]
[Source "ChessBase"]
[SourceDate "2023.10.10"]
[SourceVersion "1"]
[SourceVersionDate "2023.10.10"]
[SourceQuality "1"]

1. d4 Nf6 2. c4 e6 3. Nc3 Bb4 4. a3 Bxc3+ 5. bxc3 d6 6. Qc2 0-0 7. Bg5 Nc6 8. e4 e5 9. Rd1 Qe7 10. Nf3 h6 11. Bxf6 Qxf6 12. Be2 Re8 13. d5 Nb8 14. 0-0 Nd7 15. Ne1 Nc5 16. Bf3 Bd7 17. Rb1 Qg6 18. Nd3 Nxe4 19. Bxe4 Qxe4 20. Rxb7 Bf5 21. Rd1 Qxc4 22. Nb2 Bxc2 0-1